000 00833nam a22002657a 4500
001 BR8702765
003 BR-BrBNA
005 20230928092531.0
007 ta
008 230509b bl.||||| |||| 00| 0 por d
040 _aBR-BrBNA
_bpor
_cBiblioteca Nacional de Agricultura
041 _a(Por)
072 _aH01
_b3877
_b/G514
090 _ 3877 BR8702765
100 1 _aMonegat, L.
110 1 _aAssociacao de Credito e Assistencia Rural de Santa Catarina, Florianopolis (Brasil)
245 1 _aCurso de aperfeicoamento em agrotoxicos - modulo 2 - 1. parte - inseticidas, 2. parte - inseticidas Clorados [Brasil]
260 3 _aFlorianopolis, SC (Brasil):
_c1984.
300 _a40 p.
650 _aINSETICIDA
650 _aINSETICIDA CLORADO
650 _aAGROTOXICO
909 _a202309
_bLucia
_c55
_dLucia Elande
942 _cBK
999 _c39656
_d39656